000 00795nam0a22002531 4500
001 rc\795152
005 20250622134321.0
035 _a(NLR Aleph) 006320095
090 _a7442775
_c7442775
100 _a20040301d1983 |||y0rusy50 ca
101 0 _arus
102 _aRU
105 _ay |||||||||
200 1 _aПреступления против природных богатств СССР
_eУчеб. пособие
210 _aМ.
_cВЮЗИ
_d1983
215 _a80 с.
_d21
300 _aВ надзаг.: Всесоюз. юрид. заоч. ин-т
320 _aБиблиогр.: с. 75-78
700 1 _aЖевлаков
_bЭ.Н.
_gЭдуард Николаевич
801 0 _aRU
_bNLR
_gpsbo
801 1 _aRU
_bELAR
_2rusmarc
852 _aNLR
_j83-6/7352
942 _cBOOK
980 _aNB